[Event "Tata Steel-A 80th"]
[Site "Wijk aan Zee"]
[Date "2018.01.24"]
[Round "10"]
[White "Kramnik, Vladimir"]
[Black "Matlakov, Maxim"]
[Result "1-0"]
[WhiteElo "2787"]
[BlackElo "2718"]
[Annotator "Fernandez,D"]
[PlyCount "77"]
[EventDate "2018.01.13"]
[EventType "tourn"]
[EventRounds "13"]
[EventCountry "NED"]
[EventCategory "20"]
[SourceTitle "CBM 183"]
[Source "ChessBase"]
[SourceDate "2018.03.14"]
[SourceVersion "1"]
[SourceVersionDate "2018.03.14"]
[SourceQuality "1"]
[TimeControl "40/6000+30:20/3000+30:900+30"]

{[%evp 0,81,38,30,22,22,21,9,17,21,21,15,-13,-13,-18,-38,-8,-5,-6,-12,12,1,-5,
-3,21,9,9,-19,5,1,-5,-4,35,32,16,-27,-27,-43,-10,-1,5,-3,14,-11,17,21,32,33,39,
65,146,78,110,110,146,90,86,31,29,0,49,24,50,40,42,0,5,5,92,107,130,140,99,56,
109,99,124,138,408,446,549,549,556,645]} 1. e4 {[%emt 0:00:00]} e5 {[%emt 0:00:
16]} 2. Nf3 {[%emt 0:00:00]} Nc6 {[%emt 0:00:08]} 3. Bc4 {[%emt 0:00:04]} Bc5 {
[%emt 0:00:17]} 4. c3 {[%emt 0:00:20]} Nf6 {[%emt 0:00:24]} 5. d3 {[%emt 0:00:
06]} O-O {[%emt 0:00:34]} 6. Bg5 {[%emt 0:00:26] Opting, oddly enough, for a
similar strategy to the one Anand used against Matlakov in the first round,
despite that opening beginning with 3.Bb5. Here it seems like the immediate
idea is probably to prevent Black using a setup with ...d5.} h6 {[%emt 0:04:29]
} 7. Bh4 {[%emt 0:00:15]} Be7 {[%emt 0:00:07]} (7... g5 {led to a draw in a
recent high-profile game.} 8. Bg3 d6 9. a4 a6 10. Qd2 Nh5 11. h4 Nxg3 12. fxg3
g4 13. Qxh6 gxf3 14. Qg6+ Kh8 15. Qh6+ Kg8 16. Qg6+ Kh8 $11 {Vachier Lagrave,
M-Karjakin,S Paris 2017}) 8. Nbd2 {[%emt 0:00:14]} d6 {[%emt 0:00:57]} (8...
Na5 $5 {is not a completely pointless gambit:} 9. Nxe5 Nxc4 10. Nexc4 (10. dxc4
Nxe4 $15) 10... d5 11. Ne3 dxe4 12. Bxf6 Bxf6 13. Nxe4 Be7 $132 {With two
bishops for two knights and a pawn, Black has very reasonable counterplay,
analogous perhaps to the Gajewski line of the Ruy Lopez.}) 9. Bb3 {[%emt 0:00:
53]} (9. a4 {was faced by Kramnik himself from the other side of the board
recently.} Nh5 10. Bg3 Nxg3 (10... Nb8 $5 {could have been played immediately,
not giving White the needed clarity on what is happening on the h-file.} 11.
Nf1 (11. Nxe5 {is obvious, but following} Nxg3 12. Nxf7 Rxf7 13. hxg3 Qf8 $13 {
White will soon have nothing better than to enter a double-edged material
balance of two pawns plus rook against two bishops, which probably should
ultimately favour the bishops.}) 11... c6 12. Ne3 Nd7 $11 {Playing for ...Ndf6
and ...d5. White should probably castle short, but the moment he does that, he
will no longer ever use the h-file.}) 11. hxg3 Nb8 12. Nf1 c6 13. Ne3 Na6 14.
g4 (14. Bxa6 bxa6 15. d4 $14) 14... Nc7 $11 {Vachier Lagrave,M-Kramnik,V
Leuven 2017, Following a slightly complicated opening battle Black had
equalised.}) 9... Nh5 {[%emt 0:03:02]} (9... Na5 10. Bc2 c5 $132 {is another
standard plan, and Black will probably continue with ...Be6, ...Nc6 and
consider ...d5.}) 10. Bxe7 {[%emt 0:00:13]} Qxe7 {[%emt 0:02:36]} 11. Nc4 {
[%emt 0:00:19]} Qf6 {[%emt 0:09:14] Telegraphing a kingside attack rather
clearly, but this then prompts White's overreaction.} (11... Be6 12. Ne3 Nf6 {
was solid in Baramidze, D-Fressinet,L Germany 2009.}) 12. Ne3 {[%emt 0:03:57]}
Nf4 {[%emt 0:13:54]} 13. Bc2 {[%emt 0:00:47]} (13. O-O {followed by g3 could
have been one way to go.} Ne7 14. d4 g5 15. g3 $132) 13... Ne7 {[%emt 0:03:19]}
14. g3 {[%emt 0:07:03]} Nh3 {[%emt 0:00:50]} 15. Qe2 {[%emt 0:01:29] Now we
can see what Kramnik is playing for: a sharp opposite-side castling position.}
c5 {[%emt 0:06:00]} 16. O-O-O {[%emt 0:10:22]} (16. Ng1 $11 {or something was
technically still legal, but who plays chess like this?}) 16... Be6 {[%emt 0:
03:06]} 17. d4 {[%emt 0:17:27]} (17. Kb1 $5 {is almost always useful
preparation, and that holds here too.} Rfc8 18. d4 cxd4 19. cxd4 $132) 17...
cxd4 {[%emt 0:17:53]} 18. cxd4 {[%emt 0:00:07]} Rac8 {[%emt 0:03:50] Missing a
chance.} (18... Bxa2 $5 {is possible here according to the machines, and it
seems to get an edge! The critical line is} 19. b3 a5 20. Kb2 $6 a4 21. Kxa2 $2
axb3+ 22. Kxb3 d5 $19) 19. Kb1 {[%emt 0:08:54]} Rc7 {[%emt 0:08:45]} (19...
Rxc2 {was another noteworthy chance, though not obvious if you're not looking
for it. The point is the non-trivial} 20. Kxc2 $6 Qg6 $3 $17) 20. Rd2 {[%emt 0:
03:36]} Rfc8 {[%emt 0:01:31]} 21. dxe5 {[%emt 0:12:33]} dxe5 {[%emt 0:00:05]}
22. Rhd1 {[%emt 0:00:25] Now everything is under control, and just like in
Anand-Matlakov from round 1, the position is just easier for White, even if
not actually better.} g6 {[%emt 0:07:13]} (22... b5 $5 {is a little bit faster.
}) 23. Rd6 {[%emt 0:09:28]} Rc6 {[%emt 0:01:30]} 24. Bb3 {[%emt 0:03:13]} Rf8
$2 {[%emt 0:12:04]} (24... Rxd6 25. Rxd6 h5 {survives according to the machine,
but White is definitely significantly better after even the simple} 26. a3 $36)
25. R1d3 $2 {[%emt 0:08:44]} ({If I had to guess I would say Black's last move
was based on using the f-file after} 25. Bxe6 {but neither order quite works:}
Rxd6 (25... fxe6 26. Rd8 $1 $16) 26. Bxh3 $1 $18 (26. Rxd6 fxe6 $14)) 25...
Rfc8 {[%emt 0:00:42]} 26. Rd1 {[%emt 0:02:18]} Rf8 {[%emt 0:00:23]} 27. a3 {
[%emt 0:01:12] Missing the same idea again.} h5 {[%emt 0:05:04] It is
generally useful to avoid Ng4 motifs.} 28. Bxe6 {[%emt 0:04:15]} fxe6 {[%emt 0:
00:02]} 29. Rd7 {[%emt 0:00:20]} Nc8 $2 {[%emt 0:02:38]} (29... Qxf3 30. Qxf3
Rxf3 31. Rxe7 Rf7 {almost equalises, and so should be preferred.}) 30. Nc4 {
[%emt 0:09:50]} (30. Nh4 $16 {is another option, cuing up interesting Nd5
ideas.}) 30... Nxf2 {[%emt 0:01:54]} 31. Ncxe5 {[%emt 0:02:51] An alluring and
practically tricky option, but not objectively best.} (31. Rf1 $5 Rxc4 32. Rxf2
{leaves Black with bizarrely few options against Qe3-h6. The only move is} Rd4
$8 {but now if nothing else White acheives a large advantage with} 33. Nxd4
Qxf2 34. Qxf2 Rxf2 35. Nxe6 Rxh2 36. Rxb7 $16) 31... Nxd1 {[%emt 0:00:06]} 32.
Qxd1 {[%emt 0:00:10]} Rc5 {[%emt 0:01:47]} (32... Rb6 33. Qd2 g5 $11 {is the
machine defence.}) 33. Qd4 {[%emt 0:00:52] This is now practically impossible
to defend, but the errors understandably continue from both sides.} Nb6 {
[%emt 0:00:42]} (33... Rb5 34. Rc7 {might look like a lethal battery, but
Black can execute the text move now:} Nb6 $14 {and Black has gained a tempo
over the text.}) 34. Rxb7 {[%emt 0:01:56]} Rb5 {[%emt 0:01:25]} 35. Rxa7 Rd8 {
[%emt 0:00:18]} 36. Qc3 {[%emt 0:02:15]} (36. Rf7 $3 $16) 36... Rc8 {[%emt 0:
00:30]} (36... Nd7 $3 $132) 37. Rc7 {No further accidents.} Rd8 {[%emt 0:00:42]
} 38. Qc6 {[%emt 0:01:28]} Rb3 {[%emt 0:00:39]} (38... Rxe5 39. Nxe5 Qxe5 40.
Qxb6 Qxe4+ 41. Ka2 Qd5+ 42. Qb3 $16 {is basically over too.}) 39. Rf7 $1 {
Enough to force resignation even if this was a time scramble.} (39. Rf7 $1 {
[%emt 0:00:30]} Qxf7 40. Nxf7 Kxf7 41. Ng5+ {wins a rook with the next check.})
1-0

[Event "Tata Steel-A 80th"]
[Site "Wijk aan Zee"]
[Date "2018.01.24"]
[Round "10"]
[White "Svidler, Peter"]
[Black "Mamedyarov, Shakhriyar"]
[Result "0-1"]
[WhiteElo "2768"]
[BlackElo "2804"]
[Annotator "Fernandez,D"]
[PlyCount "42"]
[EventDate "2018.01.13"]
[EventType "tourn"]
[EventRounds "13"]
[EventCountry "NED"]
[EventCategory "20"]
[SourceTitle "CBM 183"]
[Source "ChessBase"]
[SourceDate "2018.03.14"]
[SourceVersion "1"]
[SourceVersionDate "2018.03.14"]
[SourceQuality "1"]
[TimeControl "40/6000+30:20/3000+30:900+30"]

1. c4 Nf6 2. Nf3 e6 3. Nc3 d5 4. d4 Bb4 {The Ragozin: known to me as the
opening which won Jonathan Hawkins his first British national title.} 5. cxd5 {
5.Bg5 and 5.e3 are also played.} exd5 6. Bf4 (6. Bg5 {is the main move, and
after} h6 7. Bh4 c5 {the current fashion is for the ambitious} 8. dxc5 $5) 6...
Ne4 7. Qa4+ {A second minor move in a row by Peter Svidler lands him not in
completely new territory but certainly in slight danger.} (7. Rc1 {was a more
solid move in an obvious ideological precedent.} Nc6 8. Nd2 g5 9. Be3 Nxc3 10.
bxc3 Bd6 $132 {Svane,R-Socko,B Germany 2016}) 7... Nc6 8. Rc1 O-O 9. g3 (9. h4
{was necessary if a little uncomfortable. There could follow} Bg4 10. e3 Qe7
11. Be2 $11) (9. e3 g5 10. Bg3 h5 11. h4 g4 12. Ne5 Bxc3+ 13. Rxc3 (13. bxc3
Nxg3 14. fxg3 Qe7 $17) 13... Nxc3 14. bxc3 Nxe5 15. Bxe5 Bf5 $15 {Ermenkov,
E-Shyam,S Albena 2015}) 9... g5 10. Be3 f5 (10... Bxc3+ 11. bxc3 f5 {was a
marginally more precise order.}) 11. Bg2 {Kind of a wasted move since White
will never get to castle.} (11. Bd2 $5 Bxc3 12. Bxc3 {was an additional option
granted by Black's last.}) 11... f4 {[%emt 0:35:06]} 12. gxf4 {[%emt 0:35:56]}
(12. Bd2 {can be met in various ways, including} g4 13. Ne5 Bxc3 14. bxc3 Nxd2
15. Kxd2 Nxe5 16. dxe5 fxg3 $15) 12... Bxc3+ {[%emt 0:00:08]} 13. bxc3 {
[%emt 0:00:33]} gxf4 {[%emt 0:00:09]} 14. Bd2 {[%emt 0:00:10]} Kh8 $1 $17 {
[%emt 0:03:03] The absolute best move. After less than 15 moves White has no
castling prospects and is close to lost.} 15. Qb3 $2 {[%emt 0:35:15] Not
helping.} (15. Rg1 Be6 16. Bf1 {is one way of trying to get belated
counterplay.}) ({After} 15. O-O Qf6 $1 {White will be unable to form a
coherent defence against doubling on the g-file.}) 15... Na5 {[%emt 0:03:05]
Unfortunately, this natural move gains a great many tempi.} 16. Qc2 {[%emt 0:
06:27]} Nc4 {[%emt 0:00:47] The obvious threat is ...Bg4 trapping the
d2-bishop, but there are others.} 17. Rd1 {[%emt 0:01:32]} Rg8 {[%emt 0:07:46]}
(17... Qe7 {is most favoured by machines, which want to continue ...Bf5 and ...
Rae8, but it is much of a muchness by now.}) 18. Ne5 {[%emt 0:04:30]} Nxe5 {
[%emt 0:00:22]} 19. Bxe4 {[%emt 0:01:20]} Qg5 {[%emt 0:00:34]} (19... dxe4 20.
Bxf4 Ng6 21. Bg3 {is also dead, but the game might last a bit longer since
White has a good bishop.}) 20. Bxf4 {[%emt 0:07:49]} Qxf4 {[%emt 0:00:06]} 21.
Bxd5 {[%emt 0:00:07]} Bf5 $1 {[%emt 0:00:28] It's a clear piece and maybe even
more. A shame that Svidler was not able to demonstrate his usual good chess
today.} 0-1

[Event "Tata Steel-A 80th"]
[Site "Wijk aan Zee"]
[Date "2018.01.26"]
[Round "11"]
[White "Adhiban, Baskaran"]
[Black "Wei, Yi"]
[Result "1/2-1/2"]
[WhiteElo "2655"]
[BlackElo "2743"]
[PlyCount "41"]
[EventDate "2018.01.13"]
[EventType "tourn"]
[EventRounds "13"]
[EventCountry "NED"]
[EventCategory "20"]
[SourceTitle "CBM 183"]
[Source "ChessBase"]
[SourceDate "2018.03.14"]
[SourceVersion "1"]
[SourceVersionDate "2018.03.14"]
[SourceQuality "1"]
[TimeControl "40/6000+30:20/3000+30:900+30"]

1. c4 {[%emt 0:00:00]} c5 {[%emt 0:00:34]} 2. Nc3 {[%emt 0:00:00]} g6 {[%emt 0:
00:38]} 3. Nf3 {[%emt 0:08:02]} Bg7 {[%emt 0:00:19]} 4. g3 {[%emt 0:03:04]} Nc6
{[%emt 0:01:59]} 5. Bg2 {[%emt 0:00:04]} e5 {[%emt 0:09:27]} 6. d3 {[%emt 0:01:
50]} Nge7 {[%emt 0:00:57]} 7. Nd2 {[%emt 0:00:34]} d6 {[%emt 0:00:46]} 8. Nf1 {
[%emt 0:00:17]} a6 {[%emt 0:13:57]} 9. Bg5 {[%emt 0:02:32]} Rb8 {[%emt 0:02:44]
} 10. a4 {[%emt 0:03:55]} Be6 {[%emt 0:09:12]} 11. Bxe7 {[%emt 0:01:01]} Nxe7 {
[%emt 0:03:29]} 12. Ne3 {[%emt 0:00:04]} h5 {[%emt 0:01:34]} 13. h4 {[%emt 0:
00:51]} O-O {[%emt 0:02:51]} 14. Ned5 {[%emt 0:05:56]} Nc6 {[%emt 0:15:25]} 15.
e3 {[%emt 0:09:02]} a5 {[%emt 0:05:16]} 16. O-O {[%emt 0:13:01]} Nb4 {[%emt 0:
00:17]} 17. Qd2 {[%emt 0:19:01]} Qd7 {[%emt 0:01:27]} 18. Nxb4 {[%emt 0:01:52]}
cxb4 {[%emt 0:01:47]} 19. Ne4 {[%emt 0:00:21]} Kh8 {[%emt 0:05:24]} 20. Ng5 {
[%emt 0:00:42]} Rbe8 {[%emt 0:04:25]} 21. Nxe6 {[%emt 0:05:56]} 1/2-1/2

[Event "Tata Steel-A 80th"]
[Site "Wijk aan Zee"]
[Date "2018.01.26"]
[Round "11"]
[White "Anand, Viswanathan"]
[Black "Hou, Yifan"]
[Result "1-0"]
[WhiteElo "2767"]
[BlackElo "2680"]
[Annotator "Fernandez,D"]
[PlyCount "65"]
[EventDate "2018.01.13"]
[EventType "tourn"]
[EventRounds "13"]
[EventCountry "NED"]
[EventCategory "20"]
[SourceTitle "CBM 183"]
[Source "ChessBase"]
[SourceDate "2018.03.14"]
[SourceVersion "1"]
[SourceVersionDate "2018.03.14"]
[SourceQuality "1"]
[TimeControl "40/6000+30:20/3000+30:900+30"]

1. c4 {[%emt 0:00:00]} e6 {[%emt 0:00:07]} 2. Nc3 {[%emt 0:00:02]} d5 {[%emt 0:
00:16]} 3. d4 {[%emt 0:00:10]} Nf6 {[%emt 0:01:18]} 4. cxd5 {[%emt 0:00:19]}
Nxd5 $5 {[%emt 0:00:05] Clearly Hou Yifan was not in the mood to face a
minority attack today. Although this move has been played by a lot of good
players, it is unquestionably a secondary one. According to the current state
of top level praxis the line is playable, but very few people do it correctly,
especially from the black side!} 5. e4 {[%emt 0:00:10]} Nxc3 {[%emt 0:00:05]}
6. bxc3 {[%emt 0:00:08]} c5 {[%emt 0:00:05]} 7. Rb1 {[%emt 0:00:09]} Be7 {
[%emt 0:01:15]} 8. Nf3 {[%emt 0:00:27]} O-O {[%emt 0:00:56]} 9. Bc4 {[%emt 0:
00:11]} Nc6 {[%emt 0:02:42]} (9... Qc7 {leads us to a veritable minefield of
top games:} 10. Qe2 a6 11. O-O (11. a4 cxd4 12. cxd4 Bd7 $11 {Matlakov,
M-Aronian,L Tbilisi 2017, might objectively equalise, but that didn't stop
Black being annihlated in a 'modern attacking classic'.}) 11... b5 12. Bd3 Nd7
$1 (12... Bb7 $6 13. a4 $1 bxa4 $2 14. Bf4 {left Black virtually lost already
in Carlsen, M-So,W chess.com INT 2017}) 13. a4 (13. h4 e5 14. h5 h6 $11 {
Navara,D-Dominguez Perez,L Saint Louis 2017}) 13... bxa4 14. g3 $13 {The
position is easier to play for White, but obviously far from clear.}) 10. O-O {
[%emt 0:00:33]} b6 {[%emt 0:00:03]} 11. Be3 {[%emt 0:00:41]} (11. d5 Na5 12.
Bd3 c4 13. Bc2 exd5 14. exd5 Bb7 $11 {Svidler,P-Hou,Y Geneve 2017; probably
equalised for Black in her previous outing with the line.}) 11... Bb7 {[%emt 0:
03:12]} 12. Qe2 {[%emt 0:01:22]} cxd4 {[%emt 0:08:27]} (12... Qc7 $5 13. d5 (
13. Ba6 {is White's most obvious idea, but there is a concrete remedy:} cxd4
14. cxd4 Nb4 $1 15. Bxb7 Qxb7 $132 {and White's centre continues to come under
fire.}) 13... Na5 14. dxe6 Nxc4 15. Qxc4 fxe6 16. Qxe6+ Kh8 $44) 13. cxd4 {
[%emt 0:00:20]} Rc8 {[%emt 0:00:08]} 14. Rfd1 {[%emt 0:01:28]} Qc7 {[%emt 0:03:
49]} 15. d5 {[%emt 0:05:25]} Ne5 {[%emt 0:08:34]} (15... exd5 16. exd5 Ne5 17.
Bb3 Nxf3+ 18. Qxf3 Bd6 $132 {Navara,D-Dominguez Perez,L Saint Louis 2017}) 16.
Bb5 {[%emt 0:25:40]} (16. Nxe5 Qxe5 17. f3 $14) 16... exd5 {[%emt 0:25:16]} 17.
exd5 {[%emt 0:01:03]} Nxf3+ {[%emt 0:00:06]} (17... Rfd8 18. Rbc1 Qb8 {is
apparently still nail-biting equality}) 18. Qxf3 $14 {[%emt 0:00:17] Certainly
by contrast to Navara-Dominguez above the bishop on b5 poses Black some extra
problems, connected with Rbc1 and Bc6.} Bc5 {[%emt 0:00:22]} 19. Rbc1 {[%emt 0:
12:15]} Qe7 {[%emt 0:19:27]} 20. Bf4 {[%emt 0:16:49]} Bd6 {[%emt 0:05:55]} 21.
Bc6 {[%emt 0:00:48] That's just it. Now Black has to go into a bit of a huddle,
and Anand's technique has been his strong point in this event.} Bxf4 {[%emt 0:
07:15]} (21... Ba8 {still kept White's advantage to a minimum by making him
work for every extra pawn advance}) 22. Qxf4 {[%emt 0:00:28]} Bxc6 {[%emt 0:00:
20]} 23. dxc6 {[%emt 0:01:06]} Qc7 {[%emt 0:00:16]} 24. Rd6 $18 {[%emt 0:09:39]
The forcing continuations get nowhere, so White just improves. The obvious
follow-up is to play the queen to d5 and try for Rd7.} Rcd8 {[%emt 0:03:43]}
25. Rcd1 {[%emt 0:00:44]} h6 {[%emt 0:02:25]} 26. g3 {[%emt 0:02:09]} Rxd6 {
[%emt 0:00:05]} ({It is interesting to note the tactical point White basically
has to use if Black sits tight:} 26... Rc8 27. Qc4 Kh8 28. Qd5 Kg8 29. a4 Kh8
30. Kg2 (30. Rc1 $2 Rfd8 $14) 30... Kg8 31. h4 {Or, I suppose, just Rc1 now.}
Kh8 32. Rd4 Kg8 33. Rc4 Rfd8 34. Rd7 $1 $18) 27. Rxd6 {[%emt 0:00:14]} Rc8 {
[%emt 0:01:45]} 28. Qe5 {[%emt 0:06:56]} b5 {[%emt 0:07:42]} 29. Qd5 {[%emt 0:
00:44]} Kh7 {[%emt 0:01:41]} 30. Qe4+ {[%emt 0:02:12]} Kg8 {[%emt 0:04:24]} 31.
Rd7 {[%emt 0:00:24] Another neat tactical point, but if not this, then
something else would have worked.} Qa5 {[%emt 0:00:34]} 32. c7 {[%emt 0:00:53]}
Rf8 {[%emt 0:00:09]} 33. Qe7 {[%emt 0:00:29] Mate cannot be far away.} 1-0